[Event "19th EUR-ch"]
[Site "Batumi GEO"]
[Date "2018.03.25"]
[Round "8.11"]
[White "Inarkiev, Ernesto"]
[Black "Mchedlishvili, Mikheil"]
[Result "1/2-1/2"]
[WhiteElo "2684"]
[BlackElo "2600"]
[EventDate "2018.03.17"]
[PlyCount "74"]

1.e4 d6 2.d4 Nf6 3.Nc3 g6 4.f4 Bg7 5.Nf3 c5 6.Bb5+ Bd7 7.e5 Ng4 8.Bxd7+ 
Qxd7 9.h3 cxd4 10.Qxd4 Nc6 11.Qe4 Nh6 12.Be3 Nf5 13.Bf2 dxe5 14.fxe5 Nxe5 
15.Nxe5 Qe6 16.Qa4+ Kf8 17.O-O-O Bxe5 18.Rhe1 f6 19.Rd7 Qc6 20.Qxc6 bxc6 
21.Ne4 Kf7 22.Bxa7 Rhd8 23.Rb7 Rd5 24.a3 Rb5 25.Rxb5 cxb5 26.Bc5 Rc8 27.
Bb4 h5 28.c3 Bf4+ 29.Kb1 h4 30.Bc5 g5 31.b4 Nd6 32.Kc2 Nc4 33.a4 bxa4 34.
Kd3 Ne5+ 35.Kc2 Nc4 36.Kd3 Ne5+ 37.Kc2 Nc4 1/2-1/2

[Event "19th EUR-ch"]
[Site "Batumi GEO"]
[Date "2018.03.25"]
[Round "8.12"]
[White "Bologan, Viorel"]
[Black "Sargissian, Gabriel"]
[Result "1/2-1/2"]
[WhiteElo "2600"]
[BlackElo "2677"]
[EventDate "2018.03.17"]
[PlyCount "60"]

1.d4 Nf6 2.c4 e6 3.Nf3 d5 4.Nc3 a6 5.cxd5 exd5 6.Bg5 Be6 7.e3 Nbd7 8.Bd3 
Bd6 9.O-O c6 10.h3 O-O 11.Qc2 Qc7 12.Ne2 Rfe8 13.Nd2 c5 14.dxc5 Qxc5 15.
Qxc5 Nxc5 16.Bxf6 Nxd3 17.Bc3 Bf5 18.Rfd1 Rac8 19.Nf1 b5 20.a3 Bf8 21.Nfg3
Be4 22.Nf4 Nxf4 23.exf4 f6 24.f3 Bc5+ 25.Kh1 Bc2 26.Rxd5 Bb3 27.Rd7 Be6 
28.Rdd1 Bb3 29.Rd7 Be6 30.Rdd1 Bb3 1/2-1/2

[Event "19th EUR-ch"]
[Site "Batumi GEO"]
[Date "2018.03.25"]
[Round "8.13"]
[White "Korobov, Anton"]
[Black "Brkic, Ante"]
[Result "1-0"]
[WhiteElo "2664"]
[BlackElo "2590"]
[EventDate "2018.03.17"]
[PlyCount "119"]

1.c4 e6 2.Nc3 d5 3.d4 Bb4 4.e3 Nf6 5.a3 Bxc3+ 6.bxc3 c6 7.Nf3 O-O 8.a4 b6 
9.cxd5 cxd5 10.Ba3 Re8 11.Bb5 Bd7 12.Be2 Qc7 13.Rc1 Qc6 14.a5 b5 15.Ne5 
Qc7 16.Bb4 a6 17.Bh5 g6 18.Qf3 Kg7 19.Qf4 Ra7 20.Bf3 Nc6 21.O-O Rc8 22.g4 
Be8 23.Rfe1 h6 24.h4 Nh7 25.e4 Nxe5 26.dxe5 dxe4 27.Bxe4 Bc6 28.Rcd1 g5 
29.hxg5 Nxg5 30.Qf6+ Kg8 31.Bxc6 Qxc6 32.Re3 Kh7 33.f4 Ne4 34.Qh4 Rg8 35.
g5 Nxg5 36.fxg5 Rxg5+ 37.Rg3 Qf3 38.Rxg5 Qxd1+ 39.Kh2 Qe2+ 40.Rg2 Qxe5+ 
41.Kh1 f5 42.Be7 Qxc3 43.Qh5 Qe1+ 44.Kh2 Qe5+ 45.Rg3 Qxg3+ 46.Kxg3 Rxe7 
47.Qd1 Rg7+ 48.Kf3 e5 49.Qd6 Rg6 50.Qxe5 Kg8 51.Qxf5 Kg7 52.Qd7+ Kg8 53.
Kf4 b4 54.Qc8+ Kf7 55.Qb7+ Ke8 56.Qxb4 Rc6 57.Qb7 Rf6+ 58.Ke5 Rg6 59.Kf5 
Rd6 60.Qc7 1-0

[Event "19th EUR-ch"]
[Site "Batumi GEO"]
[Date "2018.03.25"]
[Round "8.14"]
[White "Santos Ruiz, Miguel"]
[Black "Saric, Ivan"]
[Result "1/2-1/2"]
[WhiteElo "2488"]
[BlackElo "2657"]
[EventDate "2018.03.17"]
[PlyCount "80"]

1.e4 c6 2.d4 d5 3.exd5 cxd5 4.Bd3 Nc6 5.c3 Nf6 6.Bf4 Bg4 7.Qb3 Qd7 8.Nd2 
e6 9.Ngf3 Bxf3 10.Nxf3 Bd6 11.Bxd6 Qxd6 12.O-O O-O 13.Rfe1 Qc7 14.Qd1 Qf4 
15.g3 Qh6 16.h4 a6 17.Kg2 Rae8 18.Qb3 Re7 19.Ne5 Rc8 20.Qb6 Nxe5 21.dxe5 
Ne8 22.Rad1 g6 23.Qd4 Rec7 24.h5 gxh5 25.Rh1 Ng7 26.f4 Rf8 27.g4 f6 28.Qf2
f5 29.g5 Qg6 30.Rdg1 Qe8 31.Be2 Qa4 32.Bxh5 Nxh5 33.Rxh5 d4 34.g6 hxg6 35.
Kh3 Rg7 36.Rh6 Kf7 37.Qh4 Qc6 38.Qf6+ Kg8 39.Qh4 Kf7 40.Qf6+ Kg8 1/2-1/2

[Event "19th EUR-ch"]
[Site "Batumi GEO"]
[Date "2018.03.25"]
[Round "8.15"]
[White "Sarana, Alexey"]
[Black "Piorun, Kacper"]
[Result "1/2-1/2"]
[WhiteElo "2577"]
[BlackElo "2653"]
[EventDate "2018.03.17"]
[PlyCount "83"]

1.d4 d5 2.Nf3 Nf6 3.c4 dxc4 4.e3 b5 5.a4 b4 6.Bxc4 e6 7.O-O Be7 8.Nbd2 O-O
9.b3 Bb7 10.Bb2 Nbd7 11.Qe2 c5 12.Rfd1 Qa5 13.Rac1 cxd4 14.Nxd4 Nc5 15.f3 
Rac8 16.e4 Rfd8 17.Nf1 Ne8 18.Ne3 Nd6 19.Nb5 Nxb5 20.axb5 Qb6 21.Kh1 Bg5 
22.Rxd8+ Rxd8 23.Rd1 Rxd1+ 24.Nxd1 Qd6 25.Ne3 Nd7 26.Nc2 Bf4 27.g3 Be5 28.
Bc1 Bc3 29.Kg2 Ne5 30.Bf4 Bc8 31.Ne1 h6 32.Nd3 g5 33.Nxe5 Bxe5 34.Be3 Bd4 
35.Bd2 Bc5 36.Qd3 Qxd3 37.Bxd3 e5 38.Bc4 Kf8 39.h4 f6 40.f4 exf4 41.gxf4 
Bb7 42.fxg5 1/2-1/2

[Event "19th EUR-ch"]
[Site "Batumi GEO"]
[Date "2018.03.25"]
[Round "8.16"]
[White "Anton Guijarro, David"]
[Black "Lomasov, Semen"]
[Result "1/2-1/2"]
[WhiteElo "2647"]
[BlackElo "2551"]
[EventDate "2018.03.17"]
[PlyCount "37"]

1.d4 Nf6 2.c4 e6 3.Nf3 Bb4+ 4.Nbd2 O-O 5.a3 Be7 6.e4 d5 7.e5 Nfd7 8.Bd3 c5
9.O-O Nc6 10.Re1 a5 11.Bc2 Re8 12.h3 g6 13.Qe2 cxd4 14.Nf1 dxc4 15.Qxc4 
Nc5 16.Bg5 Qd5 17.Qxd5 exd5 18.Bxe7 Rxe7 19.Rad1 1/2-1/2

[Event "19th EUR-ch"]
[Site "Batumi GEO"]
[Date "2018.03.25"]
[Round "8.17"]
[White "Predke, Alexander"]
[Black "Guseinov, Gadir"]
[Result "1/2-1/2"]
[WhiteElo "2595"]
[BlackElo "2646"]
[EventDate "2018.03.17"]
[PlyCount "159"]

1.e4 c5 2.Nf3 g6 3.d4 cxd4 4.Nxd4 Nc6 5.c4 Nf6 6.Nc3 Nxd4 7.Qxd4 d6 8.f3 
Bg7 9.Be3 O-O 10.Qd2 Be6 11.Rc1 Qa5 12.b3 Rfc8 13.Bd3 a6 14.Nd5 Qxd2+ 15.
Kxd2 Nxd5 16.exd5 Bd7 17.a4 Bb2 18.Rb1 Be5 19.h3 e6 20.Be4 exd5 21.Bxd5 
Bc6 22.Rhc1 Bxd5 23.cxd5 Kf8 24.a5 Ke8 25.Rc4 Kd7 26.Kd3 Bf6 27.g4 Bd8 28.
Rf4 Ke8 29.Re4+ Kd7 30.b4 Bf6 31.Bd2 Be5 32.g5 Rc7 33.f4 Bg7 34.Rbe1 Rd8 
35.h4 Kc8 36.Re8 Rd7 37.Rc1+ Rc7 38.Rce1 Rd7 39.b5 Rxe8 40.Rxe8+ Rd8 41.
Re7 Rd7 42.bxa6 bxa6 43.Re8+ Rd8 44.Re4 Rd7 45.Bb4 Bf8 46.f5 gxf5 47.Rf4 
Bg7 48.Rxf5 Be5 49.Bc3 Bxc3 50.Kxc3 Kd8 51.Rf6 Rc7+ 52.Kd4 Ke7 53.Rh6 Rc5 
54.Rxh7 Rxa5 55.h5 Kf8 56.Rh8+ Kg7 57.Rd8 Ra4+ 58.Kc3 Rh4 59.h6+ Kg6 60.
Rxd6+ Kxg5 61.Rxa6 f6 62.d6 Rxh6 63.Ra8 Rh7 64.Kd4 Kf4 65.Ra1 f5 66.Rf1+ 
Kg4 67.Ke5 Rf7 68.Rg1+ Kf3 69.Rg5 f4 70.Rf5 Rxf5+ 71.Kxf5 Kg3 72.d7 f3 73.
d8=Q f2 74.Qg5+ Kh2 75.Qd2 Kh1 76.Qe2 Kg1 77.Qg4+ Kh1 78.Qd1+ Kg2 79.Qd2 
Kh1 80.Qxf2 1/2-1/2

[Event "19th EUR-ch"]
[Site "Batumi GEO"]
[Date "2018.03.25"]
[Round "8.18"]
[White "Berkes, Ferenc"]
[Black "Yuffa, Daniil"]
[Result "1/2-1/2"]
[WhiteElo "2671"]
[BlackElo "2521"]
[EventDate "2018.03.17"]
[PlyCount "166"]

1.e4 Nf6 2.e5 Nd5 3.d4 d6 4.Nf3 dxe5 5.Nxe5 c6 6.Be2 Bf5 7.O-O Nd7 8.Nf3 
e6 9.c4 N5f6 10.Nh4 Bg6 11.Bf4 Qb6 12.Nc3 Qxb2 13.Nxg6 hxg6 14.Qd3 Bb4 15.
Na4 Qa3 16.Qxa3 Bxa3 17.Rab1 b6 18.Bf3 Rc8 19.c5 bxc5 20.Bd6 Rh4 21.Rfd1 
Ne4 22.Bxe4 Rxe4 23.Rb3 Bc1 24.Nxc5 Nxc5 25.dxc5 Bf4 26.f3 Rc4 27.Rb7 Be3+
28.Kf1 Bxc5 29.Bxc5 Rxc5 30.Rdd7 Rf5 31.Rxa7 g5 32.Ke2 g6 33.a4 Rb8 34.
Rdc7 Rb2+ 35.Ke3 Kf8 36.g4 Rb3+ 37.Kd4 Rfxf3 38.a5 Rb4+ 39.Kc5 Rxg4 40.a6 
Ra4 41.Kxc6 e5 42.Kb5 Ra2 43.Rab7 Kg7 44.a7 e4 45.Re7 Rff2 46.h3 Rf3 47.
Rxe4 Rb3+ 48.Kc6 Ra6+ 49.Kc7 Rxh3 50.Re8 Rha3 51.Kb8 g4 52.Ree7 g3 53.
Rxf7+ Kh6 54.Rh7+ Kg5 55.Rb5+ Kf6 56.Rb2 Kg5 57.Rb5+ Kf4 58.Rf7+ Kg4 59.
Rb4+ Kg5 60.Rb5+ Kh6 61.Rb2 g5 62.Rc7 Kh5 63.Rh7+ Kg4 64.Rb4+ Kf5 65.Rg7 
R6a5 66.Rf7+ Kg6 67.Rc7 g2 68.Rg4 Ra2 69.Rg3 Kf6 70.Rb7 Kg6 71.Rc7 R5a4 
72.Rc5 g4 73.Rb5 Kf6 74.Rc5 Rb2+ 75.Kc8 Rxa7 76.Rxg4 Raa2 77.Rcg5 Rd2 78.
Kc7 Rac2+ 79.Kb6 Rb2+ 80.Kc5 Rdc2+ 81.Kd6 Rd2+ 82.Kc5 Rdc2+ 83.Kd6 Rd2+ 
1/2-1/2

[Event "19th EUR-ch"]
[Site "Batumi GEO"]
[Date "2018.03.25"]
[Round "8.19"]
[White "Martirosian, Haik"]
[Black "Ponomariov, Ruslan"]
[Result "1/2-1/2"]
[WhiteElo "2586"]
[BlackElo "2697"]
[EventDate "2018.03.17"]
[PlyCount "38"]

1.d4 d5 2.Nf3 Nf6 3.c4 dxc4 4.e3 e6 5.Bxc4 c5 6.O-O a6 7.dxc5 Bxc5 8.Qxd8+
Kxd8 9.Be2 Ke7 10.Nbd2 Bd7 11.b3 Bb5 12.Nc4 Nbd7 13.Bb2 Rhc8 14.Nd4 Nb6 
15.Nxb5 axb5 16.Ne5 Ba3 17.Bd4 Bc5 18.Bb2 Ba3 19.Bd4 Bc5 1/2-1/2

[Event "19th EUR-ch"]
[Site "Batumi GEO"]
[Date "2018.03.25"]
[Round "8.20"]
[White "Pashikian, Arman"]
[Black "Melkumian, Hrant"]
[Result "1/2-1/2"]
[WhiteElo "2585"]
[BlackElo "2664"]
[EventDate "2018.03.17"]
[PlyCount "61"]

1.e4 e6 2.d4 d5 3.Nd2 Be7 4.Ngf3 Nf6 5.exd5 Nxd5 6.g3 O-O 7.Bg2 c5 8.O-O 
Nd7 9.dxc5 Nxc5 10.Nb3 Qb6 11.Ne5 Qc7 12.Re1 Rd8 13.Qh5 Bf8 14.Nxc5 Bxc5 
15.Qe2 f6 16.Nd3 Bb6 17.Rd1 Bd7 18.Nf4 Nxf4 19.Bxf4 e5 20.Be3 Be6 21.Bxb6 
Qxb6 22.b3 Qc7 23.c4 Rab8 24.Rxd8+ Rxd8 25.Rd1 b6 26.Rd3 h6 27.Qd2 Rxd3 
28.Qxd3 Kf8 29.Kf1 a5 30.Ke2 Qd7 31.Qxd7 1/2-1/2

[Event "19th EUR-ch"]
[Site "Batumi GEO"]
[Date "2018.03.25"]
[Round "8.21"]
[White "Lopez Martinez, Josep Manuel"]
[Black "Meier, Georg"]
[Result "1/2-1/2"]
[WhiteElo "2584"]
[BlackElo "2648"]
[EventDate "2018.03.17"]
[PlyCount "101"]

1.d4 Nf6 2.c4 e6 3.Nc3 Bb4 4.e3 O-O 5.Ne2 d5 6.a3 Bd6 7.Ng3 c6 8.Be2 Nbd7 
9.O-O dxc4 10.Bxc4 e5 11.Ba2 Nb6 12.dxe5 Bxe5 13.Qc2 Qe7 14.e4 Be6 15.Bxe6
Qxe6 16.Nge2 Rad8 17.f4 Bxc3 18.Nxc3 Qc4 19.Rf3 Rfe8 20.b3 Qd4+ 21.Be3 Qd3
22.Qxd3 Rxd3 23.Bxb6 Rxf3 24.gxf3 axb6 25.Rd1 g6 26.Kf2 Kf8 27.e5 Nh5 28.
Ne4 Nxf4 29.Nf6 Ra8 30.Rd7 Rxa3 31.Nxh7+ Ke8 32.Nf6+ Kf8 33.Kg3 Ne6 34.Ne4
Rxb3 35.Nd6 Re3 36.Rxf7+ Kg8 37.Rf6 Rxe5 38.f4 Re2 39.Rxg6+ Kh7 40.f5 Ng7 
41.Rg5 Ne8 42.Nxe8 Rxe8 43.Kf4 Rg8 44.h4 b5 45.Ke5 Rxg5 46.hxg5 b4 47.f6 
b3 48.f7 b2 49.f8=Q b1=Q 50.Qf7+ Kh8 51.Qf8+ 1/2-1/2

[Event "19th EUR-ch"]
[Site "Batumi GEO"]
[Date "2018.03.25"]
[Round "8.22"]
[White "Grandelius, Nils"]
[Black "Esipenko, Andrey"]
[Result "1/2-1/2"]
[WhiteElo "2646"]
[BlackElo "2581"]
[EventDate "2018.03.17"]
[PlyCount "69"]

1.c4 Nf6 2.Nc3 e6 3.e4 d5 4.cxd5 exd5 5.e5 Ne4 6.Nf3 Bf5 7.d3 Nxc3 8.bxc3 
c5 9.d4 Nc6 10.Bd3 Bxd3 11.Qxd3 cxd4 12.Nxd4 Nxd4 13.Qxd4 Be7 14.O-O O-O 
15.Rd1 Qc8 16.Be3 Rd8 17.Qd3 Bc5 18.Bxc5 Qxc5 19.Rab1 Qc7 20.Qe3 b6 21.Rd3
Rac8 22.Rbd1 Re8 23.f4 Qc4 24.R1d2 h6 25.h3 Rc5 26.Qf3 Qe4 27.Rxd5 Qxf3 
28.gxf3 Rxc3 29.Kf2 f6 30.Rd8 Kf7 31.Kg3 fxe5 32.R2d7+ Re7 33.fxe5 Re3 34.
Rxe7+ Kxe7 35.Rb8 1/2-1/2

[Event "19th EUR-ch"]
[Site "Batumi GEO"]
[Date "2018.03.25"]
[Round "8.23"]
[White "Parligras, Mircea-Emilian"]
[Black "Petrosian, Manuel"]
[Result "1-0"]
[WhiteElo "2642"]
[BlackElo "2569"]
[EventDate "2018.03.17"]
[PlyCount "83"]

1.d4 Nf6 2.c4 e6 3.Nf3 d5 4.Nc3 Bb4 5.Bg5 dxc4 6.e4 h6 7.Bxf6 Qxf6 8.Bxc4 
c5 9.O-O O-O 10.e5 Qd8 11.Qe2 cxd4 12.Rad1 Qa5 13.Rxd4 Bxc3 14.bxc3 Bd7 
15.Rg4 Bc6 16.Nd4 Nd7 17.f4 Bd5 18.Bxd5 Qxd5 19.Rf3 Rfc8 20.Qe3 f5 21.exf6
Nxf6 22.Rg6 Ne4 23.Rxe6 Nxc3 24.Rg3 Rc7 25.h3 Nd1 26.Re8+ Kf7 27.Rxg7+ 
Kxg7 28.Qg3+ Kf6 29.Re6+ Qxe6 30.Qh4+ Kf7 31.Nxe6 Kxe6 32.Qxh6+ Kd7 33.
Qh7+ Kd6 34.Qd3+ Ke7 35.Qe2+ Kf7 36.Qxd1 Rac8 37.Qd5+ Kg7 38.Kh2 Rf7 39.g4
Rc6 40.Kg3 Rcf6 41.f5 Ra6 42.g5 1-0

[Event "19th EUR-ch"]
[Site "Batumi GEO"]
[Date "2018.03.25"]
[Round "8.24"]
[White "Volokytin, Andriy"]
[Black "Chigaev, Maksim"]
[Result "1/2-1/2"]
[WhiteElo "2639"]
[BlackElo "2560"]
[EventDate "2018.03.17"]
[PlyCount "82"]

1.e4 c5 2.Nf3 e6 3.d4 cxd4 4.Nxd4 Nc6 5.Nc3 Qc7 6.Be3 a6 7.Qd2 Be7 8.f4 b5
9.Nxc6 dxc6 10.e5 Bb7 11.Ne4 c5 12.Nd6+ Bxd6 13.exd6 Qc6 14.Be2 Nf6 15.Bf3
Qd7 16.Bxc5 Bxf3 17.gxf3 Qc6 18.Qf2 Rc8 19.b4 Nd7 20.O-O-O Nxc5 21.bxc5 
Kd7 22.Rhg1 Qxc5 23.Qxc5 Rxc5 24.Rxg7 Rf5 25.Rd4 h6 26.a4 bxa4 27.Rxa4 a5 
28.Rd4 Rb8 29.Kd2 Rb6 30.Rh7 h5 31.Ke3 Rxd6 32.Rxd6+ Kxd6 33.Rh8 Kc5 34.
Rb8 a4 35.c3 e5 36.fxe5 Rxe5+ 37.Kd3 Rf5 38.Ke4 Rf6 39.Ra8 Kb5 40.c4+ Kb4 
41.c5 Kb5 1/2-1/2

[Event "19th EUR-ch"]
[Site "Batumi GEO"]
[Date "2018.03.25"]
[Round "8.25"]
[White "Deac, Bogdan-Daniel"]
[Black "Fridman, Daniel"]
[Result "1/2-1/2"]
[WhiteElo "2572"]
[BlackElo "2637"]
[EventDate "2018.03.17"]
[PlyCount "62"]

1.Nf3 d5 2.d4 Nf6 3.c4 e6 4.Nc3 Be7 5.Bf4 O-O 6.e3 c5 7.dxc5 Bxc5 8.Qc2 
Nc6 9.Rd1 Qa5 10.a3 Re8 11.Nd2 e5 12.Bg5 Nd4 13.Qb1 Bf5 14.Bd3 Bxd3 15.
Qxd3 Ne4 16.Nxd5 Nxg5 17.b4 Qd8 18.exd4 Bxd4 19.O-O b5 20.Ne3 bxc4 21.
Ndxc4 Rc8 22.Na5 Rc3 23.Qb5 Qb8 24.Qxb8 Rxb8 25.Nd5 Rxa3 26.Ne7+ Kf8 27.
Nec6 Rc8 28.Nxd4 exd4 29.Rxd4 Ra4 30.h3 Ne6 31.Rd7 Rxb4 1/2-1/2

[Event "19th EUR-ch"]
[Site "Batumi GEO"]
[Date "2018.03.25"]
[Round "8.26"]
[White "Ter-Sahakian, Samvel"]
[Black "Onischuk, Vladimir"]
[Result "0-1"]
[WhiteElo "2553"]
[BlackElo "2632"]
[EventDate "2018.03.17"]
[PlyCount "95"]

1.e4 d6 2.d4 Nf6 3.Nc3 g6 4.f4 Bg7 5.Nf3 O-O 6.e5 dxe5 7.fxe5 Nd5 8.Bc4 
Nxc3 9.bxc3 c5 10.O-O Bg4 11.Qd3 Nc6 12.Ng5 e6 13.Qg3 Bf5 14.Rxf5 exf5 15.
e6 Bxd4+ 16.Kf1 Be5 17.Bf4 Bxf4 18.exf7+ Kh8 19.Qxf4 Qf6 20.Re1 Qxc3 21.
Qh4 h5 22.Nf3 Rad8 23.Re6 Qg7 24.Qg5 Kh7 25.Nh4 Rd1+ 26.Kf2 Qd4+ 27.Kg3 
Qg4+ 28.Qxg4 hxg4 29.Rxg6 Ne5 30.Rg8 Rdd8 31.Nxf5 Nxc4 32.Rg7+ Kh8 33.Rxg4
Rxf7 34.Rh4+ Rh7 35.Rxc4 Rg8+ 36.Kf3 Rxh2 37.Rxc5 Rgxg2 38.Rc7 Rxc2 39.
Rxb7 Rxa2 40.Ke4 Rhb2 41.Rc7 Re2+ 42.Kf4 Kg8 43.Ne3 Rf2+ 44.Ke4 Rf7 45.
Rc8+ Rf8 46.Rc3 Re8+ 47.Kd3 Rh2 48.Kd4 0-1

[Event "19th EUR-ch"]
[Site "Batumi GEO"]
[Date "2018.03.25"]
[Round "8.27"]
[White "Erdos, Viktor"]
[Black "Boruchovsky, Avital"]
[Result "1/2-1/2"]
[WhiteElo "2627"]
[BlackElo "2542"]
[EventDate "2018.03.17"]
[PlyCount "100"]

1.Nf3 d5 2.d4 Nf6 3.c4 e6 4.Bg5 h6 5.Bxf6 Qxf6 6.e3 Nd7 7.Qb3 c6 8.Nbd2 
Qd8 9.Bd3 Be7 10.O-O O-O 11.Rac1 Qb6 12.Qc2 Rd8 13.a3 Qc7 14.b4 a5 15.Qb3 
axb4 16.axb4 Qb8 17.Ra1 Rxa1 18.Rxa1 Bf6 19.Rc1 dxc4 20.Bxc4 Nb6 21.Ne4 
Be7 22.Bf1 Bd7 23.Nc5 Be8 24.b5 Nd5 25.b6 Bd7 26.Qb2 Bc8 27.Ne5 Re8 28.Nc4
Bd6 29.Nxd6 Qxd6 30.e4 Ne7 31.e5 Qd8 32.Bd3 Nd5 33.Rb1 f6 34.Be4 fxe5 35.
dxe5 Qe7 36.Rc1 Rf8 37.g3 Qd8 38.Rb1 Qe7 39.Qd4 Rd8 40.Rd1 Rf8 41.Bc2 Nxb6
42.Ne4 Nd5 43.Nd6 g5 44.Ra1 Nc7 45.Qe4 Qg7 46.Bd3 Rd8 47.Ra7 Ne8 48.Nc4 
Nc7 49.Nd6 Ne8 50.Nc4 Nc7 1/2-1/2

[Event "19th EUR-ch"]
[Site "Batumi GEO"]
[Date "2018.03.25"]
[Round "8.28"]
[White "Skoberne, Jure"]
[Black "Lupulescu, Constantin"]
[Result "1/2-1/2"]
[WhiteElo "2563"]
[BlackElo "2627"]
[EventDate "2018.03.17"]
[PlyCount "101"]

1.Nf3 d5 2.g3 c5 3.Bg2 Nf6 4.O-O e6 5.c4 d4 6.e3 Nc6 7.exd4 cxd4 8.d3 h6 
9.Na3 Bd6 10.Nc2 e5 11.b4 O-O 12.Ba3 a6 13.Qd2 Re8 14.b5 axb5 15.Bxd6 Qxd6
16.cxb5 Ne7 17.Qb4 Qc7 18.Qc4 Qb8 19.Rfe1 Be6 20.Qb4 Ned5 21.Qb2 Bd7 22.
Na3 Nb6 23.Nc4 Nxc4 24.dxc4 Bf5 25.a4 Be4 26.a5 Bxf3 27.Bxf3 e4 28.Bg2 Qd6
29.Qa3 Qxa3 30.Rxa3 Rac8 31.Ra4 d3 32.a6 bxa6 33.bxa6 Rc7 34.Kf1 Ra7 35.c5
Re6 36.Rea1 Kf8 37.Ke1 Ke7 38.Kd2 Kd8 39.f3 Nd7 40.Rd4 Ke7 41.Bh3 Nxc5 42.
Bxe6 fxe6 43.Ke3 Nb3 44.Rda4 Nxa1 45.Rxa1 exf3 46.Kxd3 e5 47.Ke3 e4 48.h4 
Kf7 49.g4 Kg8 50.Ra2 Kh7 51.Kxe4 1/2-1/2

[Event "19th EUR-ch"]
[Site "Batumi GEO"]
[Date "2018.03.25"]
[Round "8.29"]
[White "Fedorov, Alexei"]
[Black "Romanov, Evgeny"]
[Result "1/2-1/2"]
[WhiteElo "2559"]
[BlackElo "2619"]
[EventDate "2018.03.17"]
[PlyCount "62"]

1.e4 c5 2.Nf3 Nc6 3.d4 cxd4 4.Nxd4 e6 5.Nb5 d6 6.c4 Nf6 7.N1c3 a6 8.Nd4 
Bd7 9.Be2 Rc8 10.Nxc6 Bxc6 11.Qd4 Qa5 12.Bd2 Qe5 13.Qxe5 dxe5 14.f3 Bc5 
15.Nd1 Bd4 16.Be3 Nh5 17.g3 Ke7 18.Bxd4 exd4 19.Nf2 g5 20.O-O-O Rhd8 21.b3
Nf6 22.g4 b5 23.Kb2 bxc4 24.Bxc4 Bb5 25.Bxb5 axb5 26.h4 h6 27.Nd3 Rc3 28.
hxg5 hxg5 29.Ne5 Rc5 30.Nd3 Rc3 31.Ne5 Rc5 1/2-1/2

[Event "19th EUR-ch"]
[Site "Batumi GEO"]
[Date "2018.03.25"]
[Round "8.30"]
[White "Stupak, Kirill"]
[Black "Alekseev, Evgeny"]
[Result "0-1"]
[WhiteElo "2541"]
[BlackElo "2617"]
[EventDate "2018.03.17"]
[PlyCount "82"]

1.d4 Nf6 2.Nf3 e6 3.g3 b5 4.Bg2 Bb7 5.O-O c5 6.Na3 Qb6 7.c4 bxc4 8.Nxc4 
Qa6 9.b3 cxd4 10.Bb2 Be7 11.Bxd4 O-O 12.Rc1 Rc8 13.Qd3 Be4 14.Qd2 d5 15.
Nce5 Nbd7 16.Nxd7 Nxd7 17.Ne5 Bxg2 18.Kxg2 Nc5 19.Bxc5 Bxc5 20.Nd3 Ba3 21.
Nb2 h6 22.Rfd1 Rab8 23.Rxc8+ Rxc8 24.Nd3 Qb5 25.h4 a5 26.Qf4 Rc2 27.Ne5 f6
28.Nd3 Rxe2 29.Qc7 e5 30.h5 d4 31.Qc8+ Kf7 32.Qa8 Rc2 33.Qe4 Qc6 34.Qxc6 
Rxc6 35.g4 Ke6 36.Rd2 Kd5 37.Kf1 Bb4 38.Rd1 Rc2 39.a4 Bd2 40.Rb1 e4 41.Nb2
e3 0-1

[Event "19th EUR-ch"]
[Site "Batumi GEO"]
[Date "2018.03.25"]
[Round "8.31"]
[White "Huschenbeth, Niclas"]
[Black "Ponkratov, Pavel"]
[Result "1-0"]
[WhiteElo "2549"]
[BlackElo "2613"]
[EventDate "2018.03.17"]
[PlyCount "116"]

1.e4 e5 2.Nf3 Nc6 3.Bc4 Nf6 4.d4 exd4 5.e5 Ne4 6.Qe2 Nc5 7.c3 d3 8.Qe3 Be7
9.b4 Ne6 10.O-O d5 11.exd6 Bxd6 12.Nbd2 Bf4 13.Qe4 O-O 14.Re1 g6 15.Bxe6 
fxe6 16.b5 Ne7 17.c4 Qd6 18.g3 Bh6 19.Bb2 a6 20.Be5 Qd8 21.a4 axb5 22.axb5
Rxa1 23.Rxa1 Nf5 24.Ra3 Qe7 25.Rxd3 Nd6 26.Qd4 Nf7 27.Bf6 Qd6 28.Qc3 Qc5 
29.g4 Bxd2 30.Nxd2 e5 31.Ne4 Qb6 32.Be7 Qe6 33.Nf6+ Kg7 34.Bxf8+ Kxf8 35.
Rf3 Kg7 36.h4 b6 37.g5 Bb7 38.Rg3 Qf5 39.Nd5 Qe4 40.h5 gxh5 41.Qd3 Qe1+ 
42.Kg2 Nd6 43.Qf3 Qe4 44.Qxe4 Nxe4 45.Rd3 Nxg5 46.Kg3 Ne4+ 47.Kh4 Nd6 48.
Nxc7 Nxc4 49.Ne8+ Kg6 50.Nd6 Na5 51.Nxb7 Nxb7 52.Rd7 Nc5 53.Rd6+ Kf7 54.
Rxb6 Ke7 55.Rc6 Ne6 56.b6 Nd8 57.Rc7+ Kd6 58.Kxh5 Kd5 1-0

[Event "19th EUR-ch"]
[Site "Batumi GEO"]
[Date "2018.03.25"]
[Round "8.32"]
[White "Arutinian, David"]
[Black "Abasov, Nijat"]
[Result "1/2-1/2"]
[WhiteElo "2536"]
[BlackElo "2608"]
[EventDate "2018.03.17"]
[PlyCount "44"]

1.Nf3 c5 2.c4 Nc6 3.Nc3 g6 4.e3 Nf6 5.d4 cxd4 6.exd4 d5 7.cxd5 Nxd5 8.Bc4 
Nb6 9.Bb5 Bg7 10.O-O O-O 11.Bxc6 bxc6 12.Re1 Bg4 13.Bg5 Re8 14.h3 Bxf3 15.
Qxf3 Nd5 16.Rad1 Rb8 17.b3 Qd7 18.Ne2 Rb5 19.Bd2 Nb4 20.Bxb4 Rxb4 21.Rc1 
Rc8 22.Rc2 e6 1/2-1/2

[Event "19th EUR-ch"]
[Site "Batumi GEO"]
[Date "2018.03.25"]
[Round "8.33"]
[White "Andersen, Mads"]
[Black "Diermair, Andreas"]
[Result "1/2-1/2"]
[WhiteElo "2605"]
[BlackElo "2507"]
[EventDate "2018.03.17"]
[PlyCount "96"]

1.c4 e6 2.g3 d5 3.Nf3 Nf6 4.Bg2 dxc4 5.Qa4+ Bd7 6.Qxc4 c5 7.Ne5 Qc8 8.Qd3 
Nc6 9.Nxd7 Nxd7 10.b3 Be7 11.Bb2 O-O 12.O-O Rd8 13.Nc3 Nf6 14.Qc2 Qd7 15.
Rfd1 Nb4 16.Qb1 Nc6 17.d3 Rac8 18.Qc2 b6 19.Rac1 h6 20.Qb1 Ne8 21.e3 Bf6 
22.a3 h5 23.Ba1 Qe7 24.h4 Be5 25.Qa2 Nf6 26.Qe2 Na5 27.Qb2 Ng4 28.b4 Nc6 
29.bxc5 bxc5 30.Qb5 Qc7 31.Ne4 Bxa1 32.Rxa1 Nce5 33.Rac1 Qb6 34.Qxb6 axb6 
35.Bf1 Ra8 36.Rc3 Ra4 37.Be2 Rda8 38.d4 cxd4 39.exd4 Ng6 40.Ng5 Rxa3 41.
Rxa3 Rxa3 42.Rb1 Nf6 43.Rxb6 Ra7 44.Rb8+ Nf8 45.Bb5 Re7 46.Nf3 g6 47.Ne5 
Kg7 48.Kg2 Rc7 1/2-1/2

[Event "19th EUR-ch"]
[Site "Batumi GEO"]
[Date "2018.03.25"]
[Round "8.34"]
[White "Gabrielian, Artur"]
[Black "Martinovic, Sasa"]
[Result "1-0"]
[WhiteElo "2493"]
[BlackElo "2604"]
[EventDate "2018.03.17"]
[PlyCount "107"]

1.e4 e6 2.d4 d5 3.Nd2 c5 4.Ngf3 cxd4 5.Nxd4 Nf6 6.exd5 Nxd5 7.N2f3 Bb4+ 8.
Bd2 O-O 9.Be2 Qb6 10.c3 Bc5 11.Qb3 Qc7 12.Nb5 Qb6 13.Nbd4 Qc7 14.Nb5 Qe7 
15.O-O Nc6 16.Rfe1 Bd7 17.Bf1 Qd8 18.c4 Nde7 19.Rad1 a6 20.Nc3 Qc7 21.Ne4 
Ba7 22.Qc3 e5 23.c5 Bg4 24.h3 Bh5 25.g4 Bg6 26.Nd6 Rad8 27.Be3 b6 28.b4 
Rd7 29.cxb6 Bxb6 30.Bxb6 Qxb6 31.Nc4 Qb7 32.Rxd7 Qxd7 33.Ncxe5 Qd6 34.Nxc6
Nxc6 35.a3 h5 36.Rc1 Ne7 37.Qe5 Qd8 38.gxh5 f6 39.Qe6+ Bf7 40.Qxa6 Bxh5 
41.Qc4+ Kh8 42.Qh4 Qe8 43.Re1 Qg6+ 44.Kh2 Nf5 45.Qf4 Rd8 46.Nh4 Nxh4 47.
Qxh4 Rd5 48.b5 Qf7 49.b6 Rg5 50.Bg2 Qg6 51.Bf3 f5 52.Bxh5 Rxh5 53.Qxh5+ 
Qxh5 54.b7 1-0

[Event "19th EUR-ch"]
[Site "Batumi GEO"]
[Date "2018.03.25"]
[Round "8.35"]
[White "Hakobyan, Aram"]
[Black "Bindrich, Falko"]
[Result "1/2-1/2"]
[WhiteElo "2497"]
[BlackElo "2602"]
[EventDate "2018.03.17"]
[PlyCount "138"]

1.c4 e6 2.Nc3 d5 3.d4 Nf6 4.Bg5 Be7 5.e3 Nbd7 6.Nf3 h6 7.Bh4 O-O 8.Bd3 
dxc4 9.Bxc4 a6 10.a4 c5 11.O-O cxd4 12.Nxd4 Nb6 13.Bb3 Nbd5 14.Nxd5 Nxd5 
15.Bg3 Bd6 16.Bxd6 Qxd6 17.Ne2 Rd8 18.Bxd5 Qe5 19.Qb3 Rxd5 20.Rfd1 Rb8 21.
Rxd5 exd5 22.Nd4 Qg5 23.Nf3 Qf6 24.Qb4 Bd7 25.Rc1 a5 26.Qd4 Qxd4 27.Nxd4 
Rc8 28.Rxc8+ Bxc8 29.Kf1 Bd7 30.b3 Kf8 31.Ke2 Ke7 32.Kd3 Kd6 33.Kc3 b6 34.
Ne2 Bf5 35.Nd4 Bc8 36.b4 Bd7 37.Kb3 axb4 38.Kxb4 Ke5 39.f3 f5 40.Nb5 f4 
41.exf4+ Kxf4 42.Nc7 Bc6 43.Ne6+ Ke3 44.Nxg7 Bd7 45.g4 Kxf3 46.Nf5 d4 47.
Kc4 Ke4 48.Nxd4 Bxg4 49.Nb5 Bd7 50.Nc3+ Ke5 51.Kb4 h5 52.a5 bxa5+ 53.Kxa5 
Kd4 54.Kb4 h4 55.Kb3 Kd3 56.Kb2 Bc6 57.Nd1 Kd2 58.Nc3 Bf3 59.Nb1+ Kd3 60.
Kc1 h3 61.Kb2 Bh5 62.Nc3 Bf3 63.Nb1 Bb7 64.Kc1 Ke2 65.Nc3+ Ke1 66.Kc2 Kf2 
67.Kd2 Bf3 68.Nb5 Bg4 69.Nc3 Bf3 1/2-1/2

[Event "19th EUR-ch"]
[Site "Batumi GEO"]
[Date "2018.03.25"]
[Round "8.36"]
[White "Donchenko, Alexander"]
[Black "Flom, Gabriel"]
[Result "1-0"]
[WhiteElo "2588"]
[BlackElo "2493"]
[EventDate "2018.03.17"]
[PlyCount "91"]

1.Nf3 Nf6 2.g3 g6 3.d4 Bg7 4.c4 O-O 5.Bg2 d6 6.O-O Nbd7 7.Nc3 e5 8.e4 exd4
9.Nxd4 Re8 10.h3 a6 11.Be3 Rb8 12.b3 Qe7 13.Bf4 Qf8 14.Rc1 Ne5 15.a4 Nfd7 
16.Be3 Nc5 17.Rb1 Ne6 18.Nde2 a5 19.Qd2 Rd8 20.f4 Nc6 21.f5 Nc5 22.f6 Bh8 
23.Nd5 Na6 24.Nd4 Rd7 25.Nf5 Qe8 26.Bd4 Nxd4 27.Nfe7+ Rxe7 28.Nxe7+ Qxe7 
29.fxe7 Be6 30.e5 Bxe5 31.Bd5 Bxd5 32.cxd5 Nb4 33.Rbe1 Re8 34.Rxe5 dxe5 
35.Qg5 e4 36.h4 h5 37.g4 e3 38.Qxe3 Nbc2 39.Qg5 hxg4 40.Qf6 Nf3+ 41.Rxf3 
gxf3 42.d6 cxd6 43.Qxd6 Ne3 44.Qd7 f2+ 45.Kxf2 Ng4+ 46.Qxg4 1-0